MECHANICS (Record no. 5670)

MARC details
000 -LEADER
fixed length control field 00288nam a22001337a 4500
005 - DATE AND TIME OF LATEST TRANSACTION
control field 20171207111452.0
008 - FIXED-LENGTH DATA ELEMENTS--GENERAL INFORMATION
fixed length control field 171207b xxu||||| |||| 00| 0 eng d
041 ## - LANGUAGE CODE
Language code of text/sound track or separate title eng
082 ## - DEWEY DECIMAL CLASSIFICATION NUMBER
Classification number 530
245 ## - TITLE STATEMENT
Title MECHANICS
260 ## - PUBLICATION, DISTRIBUTION, ETC. (IMPRINT)
Place of publication GT.BRITAIN
Name of publisher T.D.SOUTHERN LTD.
300 ## - PHYSICAL DESCRIPTION
Number of Pages 466p,
942 ## - ADDED ENTRY ELEMENTS (KOHA)
Koha item type Books
Holdings
Lost status Damaged status Collection code Home library Current library Shelving location Date acquired Source of acquisition Cost, normal purchase price Full call number Accession Number Koha item type
    MINING JRU Library JRU Library SHELF-60-A 07/12/2017 PURCHESS 1200.00 530 22299 Books
    MINING JRU Library JRU Library SHELF-60-A 07/12/2017 PURCHESS 1200.00 530 22308 Books
    MINING JRU Library JRU Library SHELF-60-A 07/12/2017 PURCHESS 1200.00 530 22309 Books